00365 a2200109 4500001001000000005001700010008004100027245008200068100002500150773006300175999001700238ART_1903620260410161910.0260409a 10aUso de los costos con fines decisorios en industrias de producción conjunta1 aCascarini, Daniel C.0 tCostos y gestióng- Año I, Nº 1 (sep. 1991)wREV12786 c26688d26688